000 00657 a2200193 4500
001 137403
020 _a9788502082663
040 _cLeonardo Da Vinci
041 _aPortuguês
082 _a330 S579e
_bS579e
100 _aSILVA, César Roberto Leite da
_aLUIZ, Sinclayr
245 _aEconomia e mercados
_bintrodução à economia
250 _a19. ed
260 _bSaraiva
_c2011
_aSão Paulo
362 _a20110000
500 _aEdição revista e atualizada
697 _aEconomia
_aMercado financeiro
_aMicroeconomia
_aMacroeconomia
_aSistema econômico
_aEconomia internacional
_aContabilidade
_aRenda
_aSistema financeiro
_aCâmbio
_aFIPEN
942 _cBK
999 _c137403
_d137403